| 000 | 02009cam a2200457 i 4500 | ||
|---|---|---|---|
| 999 |
_c200447851 _d66063 |
||
| 003 | TR-AnTOB | ||
| 005 | 20230405114322.0 | ||
| 007 | ta | ||
| 008 | 090507s2004 tu 000 0 tur d | ||
| 020 | _a9758573012 | ||
| 020 | _a9789758573011 | ||
| 035 | _a(OCoLC)320412705 | ||
| 040 |
_aBGZ _beng _erda _cBGZ _dTR-AnTOB |
||
| 041 | 0 | _atur | |
| 050 | 0 | 0 |
_aJF1358.T8 _bK36 2004 |
| 090 |
_aTOBBK JF1358.T8 _bK36 2004 |
||
| 111 | 2 |
_aKamu Yönetimi Ulusal Kurultayı _n(1. : _d2003 : _cMalatya, Türkiye) _976534 |
|
| 245 | 1 | 0 |
_aKamu Yönetimi 1. Ulusal Kurultayı : _bAnakonu: Kamu Yönetimi Temel Kanunu Tasarısı'nın Ulusal ve Uluslararası Boyutları, 18-19 Aralık 2003 / _cYayına hazırlayanlar Mihriban Şengül, Hüseyin Erkul, Yusuf Karakılçık, Aydın Usta, Fulya Akyıldız. |
| 246 | 3 | 0 | _aKamu Yönetimi Birinci Ulusal Kurultayı. |
| 246 | 3 | 0 | _a1. Kamu Yönetimi Ulusal Kurultayı. |
| 246 | 3 | 0 | _aBirinci Kamu Yönetimi Ulusal Kurultayı. |
| 246 | 3 | 0 | _aKamu Yönetimi Temel Kanunu Tasarısı'nın Ulusal ve Uluslararası Boyutları. |
| 264 | 1 |
_aMalatya : _bİnönü Üniversitesi, _c2004. |
|
| 300 |
_a334 pages : _c24 cm |
||
| 336 |
_atext _btxt _2rdacontent |
||
| 337 |
_aunmediated _bn _2rdamedia |
||
| 338 |
_avolume _bnc _2rdacarrier |
||
| 650 | 0 |
_aPublic administration _vCongresses _9112848 |
|
| 650 | 0 |
_aPublic administration _zTurkey _vCongresses _927214 |
|
| 650 | 0 |
_aArbitration (Administrative law) _zTurkey _vCongresses _958479 |
|
| 650 | 0 |
_aGlobalization _xPolitical aspects _zTurkey _vCongresses _976538 |
|
| 651 | 0 |
_aTurkey _xPolitics and government _vCongresses _920604 |
|
| 653 |
_aPublic administration _aResearch _aCongresses |
||
| 653 |
_aLaw and economics _aTurkey _aCongresses |
||
| 653 |
_aEducation _aPolitical aspects _aTurkey _aCongresses |
||
| 700 | 1 |
_aŞengül, Mihriban. _976540 _eeditor |
|
| 710 | 2 |
_aİnönü Üniversitesi. _bİktisadi ve İdari Bilimler Fakültesi. _976541 |
|
| 942 |
_2z _cBK |
||